A+ Awards 2015 : (Record no. 354132)
[ view plain ]
| 000 -LEADER | |
|---|---|
| fixed length control field | 01598cam a2200397Ii 4500 |
| 001 - CONTROL NUMBER | |
| control field | 11647392 |
| 003 - CONTROL NUMBER IDENTIFIER | |
| control field | OSt |
| 005 - DATE AND TIME OF LATEST TRANSACTION | |
| control field | 20180116192431.0 |
| 008 - FIXED-LENGTH DATA ELEMENTS--GENERAL INFORMATION | |
| fixed length control field | 150602s2015 enka 001 0 eng d |
| 020 ## - INTERNATIONAL STANDARD BOOK NUMBER | |
| International Standard Book Number | 9780714870540 |
| 020 ## - INTERNATIONAL STANDARD BOOK NUMBER | |
| International Standard Book Number | 0714870544 |
| 024 ## - OTHER STANDARD IDENTIFIER | |
| Standard number or code | 40025414455 |
| 035 ## - SYSTEM CONTROL NUMBER | |
| System control number | (OCoLC)ocn910556936 |
| 035 ## - SYSTEM CONTROL NUMBER | |
| System control number | (OCoLC)910556936 |
| Canceled/invalid control number | (OCoLC)920454548 |
| -- | (OCoLC)921261813 |
| 035 ## - SYSTEM CONTROL NUMBER | |
| System control number | (NNC)11647392 |
| 040 ## - CATALOGING SOURCE | |
| Original cataloging agency | NRC |
| Language of cataloging | eng |
| Description conventions | rda |
| Transcribing agency | NRC |
| Modifying agency | BTCTA |
| -- | YDXCP |
| -- | YNK |
| -- | NhCcYBP |
| 050 #4 - LIBRARY OF CONGRESS CALL NUMBER | |
| Classification number | NA2335 |
| Item number | .A93 2015 |
| 082 04 - DEWEY DECIMAL CLASSIFICATION NUMBER | |
| Classification number | 720.79 |
| Edition number | 23 |
| 245 00 - TITLE STATEMENT | |
| Title | A+ Awards 2015 : |
| Remainder of title | Architizer / |
| Statement of responsibility, etc. | [commissioning editor, Emilia Terragni ; project editor, Laura Loesch-Quintin]. |
| 246 3# - VARYING FORM OF TITLE | |
| Title proper/short title | A plus Awards 2015 |
| 246 30 - VARYING FORM OF TITLE | |
| Title proper/short title | Architizer A+ Awards |
| 246 30 - VARYING FORM OF TITLE | |
| Title proper/short title | 2015 Architizer A+ Awards |
| 300 ## - PHYSICAL DESCRIPTION | |
| Extent | 223 pages : |
| Other physical details | illustrations (chiefly color) ; |
| Dimensions | 29 cm |
| 500 ## - GENERAL NOTE | |
| General note | Includes index. |
| 520 ## - SUMMARY, ETC. | |
| Summary, etc. | "The Architizer A+ Awards celebrate the world's best architecture every year. The 2015 winners were singled out amongst entries from over 100 countries by an international jury of over 300 experts and over 200,000 public votes"--Page 4 of cover. |
| 650 #0 - SUBJECT ADDED ENTRY--TOPICAL TERM | |
| Topical term or geographic name entry element | Architecture |
| General subdivision | Awards. |
| 9 (RLIN) | 8321 |
| 650 #0 - SUBJECT ADDED ENTRY--TOPICAL TERM | |
| Topical term or geographic name entry element | Architectural design |
| General subdivision | Competitions. |
| 9 (RLIN) | 8322 |
| 650 #0 - SUBJECT ADDED ENTRY--TOPICAL TERM | |
| Topical term or geographic name entry element | Architecture, Modern |
| Chronological subdivision | 21st century. |
| 9 (RLIN) | 8323 |
| 650 #0 - SUBJECT ADDED ENTRY--TOPICAL TERM | |
| Topical term or geographic name entry element | Architecture, Modern |
| Chronological subdivision | 21st century |
| Form subdivision | Designs and plans. |
| 9 (RLIN) | 8324 |
| 700 1# - ADDED ENTRY--PERSONAL NAME | |
| Personal name | Terragni, Emilia, |
| Relator term | editor. |
| 9 (RLIN) | 8319 |
| 700 1# - ADDED ENTRY--PERSONAL NAME | |
| Personal name | Loesch-Quintin, Laura, |
| Relator term | editor. |
| 9 (RLIN) | 8320 |
| 710 2# - ADDED ENTRY--CORPORATE NAME | |
| Corporate name or jurisdiction name as entry element | Architizer, |
| Relator term | issuing body. |
| 9 (RLIN) | 8318 |
| 942 ## - ADDED ENTRY ELEMENTS (KOHA) | |
| Source of classification or shelving scheme | |
| Koha item type | Book |
| 948 1# - LOCAL PROCESSING INFORMATION (OCLC); SERIES PART DESIGNATOR (RLIN) | |
| Series part designator, SPT (RLIN) | 20151207 |
| b (OCLC) | c |
| c (OCLC) | pg2032 |
| d (OCLC) | MPS |
| Withdrawn status | Lost status | Source of classification or shelving scheme | Damaged status | Not for loan | Permanent Location | Current Location | Date acquired | Total Checkouts | Full call number | Barcode | Date last seen | Cost, replacement price | Price effective from | Koha item type |
|---|---|---|---|---|---|---|---|---|---|---|---|---|---|---|
| School of Art Design and Architecture (SADA) | School of Art Design and Architecture (SADA) | 03/31/2016 | 720.79 AAW 2015 | SADA0002521 | 01/05/2017 | 3618.33 | 01/05/2017 | Book |
